[Event "FRA-chT2B 0506"]
[Site "France"]
[Date "2006.02.05"]
[Round "7.8"]
[White "Chaigneau, Olivier"]
[Black "Rouquet, Ronan"]
[Result "0-1"]
[WhiteElo "1978"]
[BlackElo "2062"]
[PlyCount "98"]
[EventDate "2005.10.27"]
[EventType "team-tourn"]
[EventRounds "11"]
[EventCountry "FRA"]
[SourceTitle "EXT 2006"]
[Source "ChessBase"]
[SourceDate "2005.11.24"]
[SourceVersion "1"]
[SourceVersionDate "2005.11.24"]
[SourceQuality "1"]
[WhiteTeam "Pontoise"]
[BlackTeam "Orcher La Tour II"]
[WhiteTeamCountry "FRA"]
[BlackTeamCountry "FRA"]

1. d4 Nf6 2. Nc3 d5 3. Bg5 e6 4. e4 Bb4 5. e5 h6 6. Bd2 Bxc3 7. bxc3 Ne4 8. Bd3 Nxd2 9. Qxd2 c5 10. Nf3 Nc6 11. Bb5 Bd7 12. Bxc6 Bxc6 13. 0-0 Bb5 14. Rfb1 Ba6 15. a4 Qc7 16. a5 0-0 17. Ne1 Rac8 18. Ra3 Qe7 19. Raa1 Rc6 20. Rb3 Rfc8 21. Rba3 Qc7 22. Rc1 cxd4 23. cxd4 Rc3 24. Raa1 Qc4 25. Nd3 Rxc2 26. Rxc2 Qxc2 27. Qxc2 Rxc2 28. Nc5 Rd2 29. Nxa6 bxa6 30. g3 Rxd4 31. Rb1 Ra4 32. Rb8+ Kh7 33. Rb7 Kg6 34. Rxa7 Rxa5 35. Kg2 Ra3 36. h4 h5 37. f3 f6 38. exf6 Kxf6 39. g4 hxg4 40. fxg4 d4 41. Kf2 Ra2+ 42. Kf3 d3 43. g5+ Kg6 44. Re7 Re2 45. Ra7 Re5 46. Rxa6 d2 47. Rd6 Rd5 48. Rxd5 exd5 49. Ke2 Kh5 0-1

[Event "Ligue-ch"]
[Site "Evry"]
[Date "2003.05.25"]
[Round "5.6"]
[White "Lafaurie, Pierre"]
[Black "Chaigneau, Olivier"]
[Result "1/2-1/2"]
[WhiteElo "2071"]
[BlackElo "1780"]
[PlyCount "104"]
[EventDate "2003.05.??"]
[EventType "swiss"]
[EventRounds "5"]
[EventCountry "FRA"]
[SourceTitle "EXT 2004"]
[Source "ChessBase"]
[SourceDate "2003.11.25"]
[SourceVersion "1"]
[SourceVersionDate "2003.11.25"]
[SourceQuality "1"]

1. Nf3 c5 2. e3 Nf6 3. d4 e6 4. Bd3 Nc6 5. c3 d5 6. Nbd2 Be7 7. 0-0 Qc7 8. Qe2 e5 9. dxe5 Nxe5 10. Nxe5 Qxe5 11. e4 dxe4 12. Nxe4 0-0 13. Nxf6+ Qxf6 14. Re1 Bd6 15. Qe4 g6 16. Bh6 Bf5 17. Qf3 Qh4 18. Bxf8 Bxh2+ 19. Kf1 Bg4 20. Re4 Bf4 21. g3 Bxf3 22. gxh4 Bxe4 23. Bxe4 Kxf8 24. b3 Rb8 25. Rd1 Ke7 26. h5 b6 27. Ke2 Rd8 28. Rxd8 Kxd8 29. hxg6 hxg6 30. c4 Ke7 31. Bd5 f5 32. a3 Bc1 33. a4 Kf6 34. Kd3 Ke5 35. Bc6 Bb2 36. Bb7 g5 37. f3 g4 38. fxg4 fxg4 39. Ke3 Bd4+ 40. Ke2 Kf4 41. Bc6 Kg3 42. Kf1 Kh2 43. Bd5 g3 44. Bg2 Bf2 45. Bc6 Kh3 46. Bd7+ Kh4 47. a5 Kg5 48. axb6 axb6 49. Bc6 Kf4 50. Ke2 Ke5 51. Kd3 Kd6 52. Bg2 Kc7 1/2-1/2

[Event "Ligue-ch"]
[Site "Evry"]
[Date "2003.05.17"]
[Round "1.9"]
[White "Larcheveque, Francois"]
[Black "Chaigneau, Olivier"]
[Result "0-1"]
[WhiteElo "2030"]
[BlackElo "1780"]
[PlyCount "98"]
[EventDate "2003.05.??"]
[EventType "swiss"]
[EventRounds "5"]
[EventCountry "FRA"]
[SourceTitle "EXT 2004"]
[Source "ChessBase"]
[SourceDate "2003.11.25"]
[SourceVersion "1"]
[SourceVersionDate "2003.11.25"]
[SourceQuality "1"]

1. c4 Nc6 2. Nc3 g6 3. Nf3 Bg7 4. g3 d6 5. Bg2 e5 6. d4 Nf6 7. d5 Ne7 8. c5 0-0 9. cxd6 cxd6 10. 0-0 Qa5 11. Nd2 b5 12. Nde4 Nxe4 13. Nxe4 Qd8 14. Qb3 Rb8 15. Rd1 a5 16. h4 h6 17. Bd2 f5 18. Nc3 b4 19. Na4 f4 20. a3 fxg3 21. Qxg3 Nf5 22. Qxg6 Nxh4 23. Qg3 Nf5 24. Qd3 Qh4 25. axb4 axb4 26. Rf1 Nd4 27. Rae1 Bd7 28. Qg3 Qxg3 29. fxg3 Rxf1+ 30. Bxf1 Bxa4 31. Ra1 Bb3 32. Ra6 Bf8 33. Be3 Nf5 34. Bf2 Bxd5 35. g4 Nd4 36. Bxd4 exd4 37. Ra5 Be4 38. Bg2 Re8 39. Bf3 Bxf3 40. exf3 Re2 41. Rd5 Rd2 42. b3 Kf7 43. Rb5 Rd3 44. Rxb4 Rxf3 45. Rxd4 Rxb3 46. Kf2 Ke6 47. Re4+ Kd5 48. Re8 Bg7 49. Rg8 Bf6 0-1